Review of world bank conditionality (Registro nro. 12122)

Detalles MARC
000 -LEADER
fixed length control field 01126nam a2200205Ia 4500
003 - CONTROL NUMBER IDENTIFIER
control field OSt
005 - DATE AND TIME OF LATEST TRANSACTION
control field 20210805134350.0
008 - FIXED-LENGTH DATA ELEMENTS--GENERAL INFORMATION
fixed length control field 210310s2005 wauad gr 000 0 eng d
040 ## - CATALOGING SOURCE
Original cataloging agency CO-JMCR
Transcribing agency CO-JMCR
041 0# - LANGUAGE CODE
Language code of text/sound track or separate title eng
082 04 - DEWEY DECIMAL CLASSIFICATION NUMBER
Classification number 332.153 /
Item number W671r
Edition number 23
110 2# - MAIN ENTRY--CORPORATE NAME
Corporate name or jurisdiction name as entry element The World Bank
Relator term author
9 (RLIN) 9685
245 10 - TITLE STATEMENT
Title Review of world bank conditionality
Statement of responsibility, etc. The World Bank
260 ## - PUBLICATION, DISTRIBUTION, ETC.
Place of publication, distribution, etc. Washington :
Name of publisher, distributor, etc. Teh World Bank,
Date of publication, distribution, etc. 2005.
300 ## - PHYSICAL DESCRIPTION
Extent 1-7 Volumes :
Other physical details black and white illustrations and graphics ;
Dimensions 28 cm.
505 ## - FORMATTED CONTENTS NOTE
Miscellaneous information v.1 /
Title Modalities of conditionality. --
Miscellaneous information v.2 /
Title Legal aspects of conditionality in policy-based lending. --
Miscellaneous information v.3 /
Title Recent trends and practices. --
Miscellaneous information v.4 /
Title Content of conditionality in World Bank policy-based operations: public sector governance, privatization, user fees and trade. --
Miscellaneous information v.5 /
Title The theory nd practice of conditionality: a literature review. --
Miscellaneous information v.6 /
Title 2005 conditionality survery: Executive sumary and detailed survery results. --
Miscellaneous information v.7 /
Title Summary of external consultations.
650 14 - SUBJECT ADDED ENTRY--TOPICAL TERM
Topical term or geographic name entry element Economic assistance
Form subdivision Evaluation
9 (RLIN) 39108
650 24 - SUBJECT ADDED ENTRY--TOPICAL TERM
Topical term or geographic name entry element World Bank
9 (RLIN) 39109
942 ## - ADDED ENTRY ELEMENTS (KOHA)
Source of classification or shelving scheme Dewey Decimal Classification
Koha item type Books
Existencias
Withdrawn status Lost status Source of classification or shelving scheme Damaged status Not for loan Home library Current library Shelving location Date acquired Source of acquisition Full call number Barcode Date last seen Copy number Price effective from Koha item type
    Dewey Decimal Classification     Biblioteca Pública José María del Castillo y Rada Biblioteca Pública José María del Castillo y Rada General Stacks 04/15/2018 Donación 332.153 / W671r 430002422 05/16/2024 Ej.1 03/10/2021 Books